1131 1747 1029 1872 1786 1669 1396 1825 1985 1249 1764 1000 1460 1299 1325 1430 1374 1741 1483 1357 1242 1106 1811 1940 1392 1190 1097 1828 1843 1220 1189 1625 1827 1968 1978 1578 1351 1859 1616 1957 1989 1164 1336 1643 1118 1347 1514 1873 1337 1651 1165 1535 1915 1678 1193 1539 1781 1267 1696 1296 1774 1122 1616 1629 1835 1269 1509 1516 1198 1954 1829 1574 1196 1727 1752 1706 1667 1814 1823 1236 1723 1657 1309 1656 1367 1899 1102 1805 1314 1189 1554 1592 1723 1503 1848 1203 1243 1803 1033 BCNSPRNW ULIB Ver.6.0+V

เปลี่ยนเป็นภาษาไทย

Change to English
 แสดงรายละเอียดบรรณานุกรม
  กลับหน้าหลัก

Brief Record : Get Marc (ISO 2709) : E-mail record : QR code < ปิดหน้าต่าง
LEADER : 00000nam 2200000uu 4500
001    13399128212
003     ULIB
008    220815s2020||||th 000 0 tha d
020 ^  ^a9780702070488
060 0  ^aWY100^bE93
245 0  ^aEvidence-based practice in nursing /^cedited by Jean V. Craig, Dawn W. Dowding.
250 ^  ^a4th ed.
260 ^  ^aEdinburgh :^bElsevier,^c2020.
300 ^  ^axi, 195 p. :^bill. ;^c23 cm.
504 ^  ^aIncludes bibliographical references and index.
650 ^  ^aEvidence-based nursing.
650 ^  ^aEvidence-based medicine^xMethods.
695 ^  ^aHealth Sciences.
700 1  ^aCraig, Jean V.,^eed.
700 1  ^aDowding, Dawn W.,^eed.
910 ^   ^aคณะพยาบาลศาสตร์^bสำนักงานการศึกษา^cผศ.ดร.ชนัญชิดาดุษฎี ทูลศิริ
945    ^p0^l0^i009316
999    ^aประนอม เกษจรัล
รายการนี้ยังไม่มีแท็ก
คุณยังไม่ได้ล็อกอิน คุณสามารถมีกิจกรรมร่วมกับเว็บไซต์ได้ แต่ต้องล็อกอินก่อน ::
  ล็อกอิน

รายการสื่อสารสนเทศ

ลำดับที่ ประเภท เลขเรียก/บาร์โค้ด สถานที่ สถานะ
1. Book การพยาบาล
หนังสือสำรอง
สถานะ=หนังสือสำรอง
WY100 E93 ฉ.1 
  Barcode: 009316
ห้องสมุดวิทยาเขตสวรรค์ประชารักษ์
►หนังสือทั่วไป
บนชั้น

รายการใกล้เคียง
    หัวเรื่อง [Evidence-based nursing.]

BibComment


ยังไม่เคยถูกคอมเมนท์

คอมเมนท์ทรัพยากรรายการนี้
  คอมเมนท์: Evidencebased pr..


 Copyright 2026. Bcnsprnw @Library